[Event "DVM U16 2003"]
[Site "Greifswald GER"]
[Date "2003.12.27"]
[Round "1"]
[White "Nüsken, Nikolas"]
[Black "Luft, Dennis"]
[Result "1-0"]
[Termination "normal"]
[Board "1.1"]
[WhiteElo "2209"]
[BlackElo "1817"]
[WhiteTeam "HSK/Post SV Hannover"]
[BlackTeam "SF Brackel 30"]
[PlyCount "67"]
[WhiteFideId "24605891"]
[BlackFideId "24623717"]
[EventCountry "GER"]
[EventRounds "7"]
[EventType "team-swiss"]
[EventDate "2003.12.26"]

1. e4 e5 2. Nf3 Nc6 3. Bb5 a6 4. Ba4 Nf6 5. O-O b5 6. Bb3 Be7 7. Re1 O-O 8. a4
Bb7 9. d3 d6 10. Nbd2 Nd7 11. c3 Na5 12. Bc2 c5 13. Nf1 Nc6 14. Ne3 Bf6 15. Nd5
h6 16. h3 Nb6 17. axb5 axb5 18. Rxa8 Bxa8 19. Nxf6+ Qxf6 20. Nh2 Kh7 21. Ng4
Qh4 22. f4 exf4 23. Bxf4 Nc8 24. Rf1 N6e7 25. Kh2 Ng6 26. Bg3 Qe7 27. Ne3 Qd7
28. Qh5 Nce7 29. Nf5 Nxf5 30. exf5 Nh8 31. f6 Ng6 32. d4 Qc6 33. Rf2 gxf6 34.
Bf4 1-0

[Event "DVM U16 2003"]
[Site "Greifswald GER"]
[Date "2003.12.27"]
[Round "1"]
[White "Heyden, Jonas"]
[Black "Abel, Dennes"]
[Result "0-1"]
[Termination "normal"]
[Board "1.2"]
[WhiteElo "1630"]
[BlackElo "2139"]
[WhiteTeam "SF Brackel 30"]
[BlackTeam "HSK/Post SV Hannover"]
[PlyCount "96"]
[WhiteFideId "24638510"]
[BlackFideId "24605417"]
[EventCountry "GER"]
[EventRounds "7"]
[EventType "team-swiss"]
[EventDate "2003.12.26"]

1. Nf3 Nf6 2. d4 g6 3. c4 Bg7 4. Nc3 d5 5. Bg5 Ne4 6. Bf4 Nxc3 7. bxc3 O-O 8.
e3 dxc4 9. Bxc4 c5 10. O-O Nc6 11. Rb1 Na5 12. Bd3 c4 13. Bc2 a6 14. h4 b5 15.
h5 Bg4 16. hxg6 fxg6 17. Be4 Rc8 18. Qd2 Bf5 19. Qc2 Qd7 20. Bg3 Nb7 21. Bxf5
gxf5 22. Ne5 Qe6 23. Rfd1 Rcd8 24. Qe2 Nc5 25. Qh5 Ne4 26. Rdc1 Nxg3 27. fxg3
Bxe5 28. dxe5 Qxe5 29. Qg5+ Kh8 30. Rf1 Rd3 31. Rbe1 Rg8 32. Qxf5 Qxf5 33. Rxf5
Rxg3 34. Rf7 Rgxe3 35. Ref1 Re6 36. R1f4 Rf6 37. R4xf6 exf6 38. Rxf6 Rxc3 39.
Rxa6 Rc2 40. Kf1 b4 41. Rb6 Rb2 42. Ke1 Kg7 43. Kd1 h5 44. g3 c3 45. Kc1 Rxa2
46. Rxb4 Rg2 47. Rb7+ Kh6 48. Rc7 Rxg3 0-1

[Event "DVM U16 2003"]
[Site "Greifswald GER"]
[Date "2003.12.27"]
[Round "1"]
[White "Romakin, Helene"]
[Black "Klug, Alexander"]
[Result "1-0"]
[Termination "normal"]
[Board "1.3"]
[WhiteElo "2081"]
[BlackElo "1704"]
[WhiteTeam "HSK/Post SV Hannover"]
[BlackTeam "SF Brackel 30"]
[PlyCount "113"]
[WhiteFideId "24605964"]
[EventCountry "GER"]
[EventRounds "7"]
[EventType "team-swiss"]
[EventDate "2003.12.26"]

1. c4 Nf6 2. Nc3 g6 3. g3 Bg7 4. Bg2 O-O 5. e4 d6 6. Nge2 Nbd7 7. O-O e5 8. d3
a5 9. f4 c6 10. h3 Ne8 11. f5 Nc7 12. g4 b5 13. Be3 Bb7 14. Qd2 Re8 15. Ng3 b4
16. Nce2 d5 17. Rad1 d4 18. Bg5 f6 19. Bh6 g5 20. Bxg7 Kxg7 21. Kf2 Kf7 22. Rh1
Rh8 23. h4 h6 24. Rh2 Ke7 25. Rdh1 Rf8 26. Ng1 Kd6 27. Nf3 Kc5 28. hxg5 hxg5
29. Rh7 Ne8 30. Qc1 Nd6 31. Nd2 a4 32. b3 a3 33. Nf3 Rf7 34. R7h5 Rg7 35. Qg1
Qe7 36. Ke1 Rf8 37. Ne2 Kb6 38. Kd2 c5 39. Ng3 Rff7 40. Qh2 Nf8 41. Rh3 Rh7 42.
Nh5 Ne8 43. Qg3 Nd6 44. Qe1 Kc7 45. R1h2 Ne8 46. Qg3 Kd6 47. Qe1 Ng7 48. Nxg5
fxg5 49. f6 Rxf6 50. Nxf6 Rxh3 51. Rxh3 Qxf6 52. Rf3 Qd8 53. Rf7 Nge6 54. Rxb7
Nd7 55. Qh1 Qf8 56. Bf3 Kc6 57. Ra7 1-0

[Event "DVM U16 2003"]
[Site "Greifswald GER"]
[Date "2003.12.27"]
[Round "1"]
[White "Schöttler, Richard"]
[Black "Laake, Jasmin"]
[Result "0-1"]
[Termination "normal"]
[Board "1.4"]
[WhiteElo "1590"]
[BlackElo "1975"]
[WhiteTeam "SF Brackel 30"]
[BlackTeam "HSK/Post SV Hannover"]
[PlyCount "70"]
[BlackFideId "4699939"]
[EventCountry "GER"]
[EventRounds "7"]
[EventType "team-swiss"]
[EventDate "2003.12.26"]

1. e4 c5 2. Nf3 d6 3. d4 cxd4 4. Nxd4 Nf6 5. Nc3 a6 6. Bc4 e6 7. f3 b5 8. Bb3
Be7 9. Be3 O-O 10. Qd2 Bd7 11. a3 Nc6 12. O-O-O Qb8 13. g4 Na5 14. Nce2 Qc7 15.
Kb1 Rfb8 16. Rc1 Nc4 17. Qc3 d5 18. e5 b4 19. axb4 Bxb4 20. Qd3 Nxe5 21. Qd1
Nc4 22. Bf4 e5 23. Bg3 Nd2+ 24. Ka1 Qa5+ 25. Ba2 Nc4 26. Nb3 Qb6 27. g5 Ne8 28.
Qxd5 Be6 29. Qe4 Ned6 30. Qd3 a5 31. c3 a4 32. Nd2 Ba3 33. b4 axb3 34. Nxb3
Bxc1 35. Nexc1 Na5 0-1

[Event "DVM U16 2003"]
[Site "Greifswald GER"]
[Date "2003.12.27"]
[Round "1"]
[White "Becker, Nils"]
[Black "Krebs, Martin"]
[Result "1-0"]
[Termination "normal"]
[Board "2.2"]
[WhiteElo "2036"]
[BlackElo "1675"]
[WhiteTeam "SV Glück Auf Rüdersdorf"]
[BlackTeam "SK Dicker Turm Münnerstadt"]
[PlyCount "82"]
[WhiteFideId "4695216"]
[EventCountry "GER"]
[EventRounds "7"]
[EventType "team-swiss"]
[EventDate "2003.12.26"]

1. e4 c5 2. Nf3 Nc6 3. Nc3 d6 4. Be2 g6 5. d4 cxd4 6. Nxd4 Bg7 7. Nb3 Nf6 8.
O-O O-O 9. Bg5 Ne5 10. h3 Be6 11. Nd4 Bc4 12. Kh1 Bxe2 13. Qxe2 Ned7 14. Rad1
Qb6 15. Nb3 Rac8 16. f4 Rfe8 17. Rf3 Nc5 18. e5 Nfd7 19. Nd5 Qd8 20. exd6 exd6
21. Bxd8 Rxe2 22. Ne7+ Rxe7 23. Bxe7 Ne4 24. c3 Nb6 25. Nd2 f5 26. Nxe4 fxe4
27. Rf2 d5 28. f5 Bh6 29. fxg6 hxg6 30. Rf6 Kg7 31. Rdf1 e3 32. Re6 Nd7 33. Bd6
Nc5 34. Re7+ Kg8 35. Bxc5 Rxc5 36. Rxb7 Rc8 37. Re7 Rd8 38. g4 d4 39. cxd4 Rxd4
40. Kg2 Bf4 41. Kf3 Kf8 1-0

[Event "DVM U16 2003"]
[Site "Greifswald GER"]
[Date "2003.12.27"]
[Round "1"]
[White "Schneider, Raphael"]
[Black "Beißer, Jacob"]
[Result "0-1"]
[Termination "normal"]
[Board "2.3"]
[WhiteElo "1628"]
[BlackElo "1935"]
[WhiteTeam "SK Dicker Turm Münnerstadt"]
[BlackTeam "SV Glück Auf Rüdersdorf"]
[PlyCount "38"]
[BlackFideId "24603392"]
[EventCountry "GER"]
[EventRounds "7"]
[EventType "team-swiss"]
[EventDate "2003.12.26"]

1. e4 c5 2. Nf3 Nc6 3. d4 cxd4 4. Nxd4 g6 5. Be3 Nf6 6. f3 Bg7 7. Nc3 O-O 8.
Be2 d5 9. exd5 Nxd5 10. Nxd5 Qxd5 11. Nxc6 Qxc6 12. Rb1 Bf5 13. Bd3 Rfd8 14.
Qe2 Bxd3 15. cxd3 Rd6 16. O-O Rad8 17. Rfd1 Qa6 18. b3 Re6 19. Qd2 Rxe3 0-1

[Event "DVM U16 2003"]
[Site "Greifswald GER"]
[Date "2003.12.27"]
[Round "1"]
[White "Wapenhans, Alexander"]
[Black "Thiem, Markus"]
[Result "1-0"]
[Termination "normal"]
[Board "2.4"]
[WhiteElo "1618"]
[BlackElo "1400"]
[WhiteTeam "SV Glück Auf Rüdersdorf"]
[BlackTeam "SK Dicker Turm Münnerstadt"]
[PlyCount "119"]
[WhiteFideId "24622630"]
[EventCountry "GER"]
[EventRounds "7"]
[EventType "team-swiss"]
[EventDate "2003.12.26"]

1. e4 e5 2. Nf3 Nc6 3. Bb5 d6 4. O-O Nf6 5. d3 Bd7 6. c3 a6 7. Ba4 Ne7 8. Bb3
h6 9. Re1 Ng6 10. Nbd2 Be7 11. Nf1 O-O 12. Ng3 Bb5 13. Nf5 Qd7 14. Be3 Rad8 15.
Qd2 Ng4 16. Rad1 Nxe3 17. Qxe3 Bc6 18. Nxe7+ Qxe7 19. g3 Bd7 20. Kg2 Bg4 21. h3
Bxf3+ 22. Qxf3 Qg5 23. Kh2 c6 24. h4 Qf6 25. Qxf6 gxf6 26. Rd2 Kg7 27. d4 Rd7
28. Red1 Rfd8 29. Kg2 h5 30. c4 Nf8 31. Kf3 Ne6 32. dxe5 fxe5 33. Ke3 b5 34.
cxb5 cxb5 35. Bxe6 fxe6 36. f4 exf4+ 37. Kxf4 Kg6 38. Ke3 d5 39. exd5 Rxd5 40.
Rxd5 Rxd5 41. Rxd5 exd5 42. Kf4 d4 43. g4 hxg4 44. Kxg4 d3 45. Kf3 Kh5 46. Ke3
Kxh4 47. Kxd3 Kg4 48. Kd4 Kf3 49. Kc5 Ke3 50. Kb6 Kd3 51. Kxa6 Kc4 52. Ka5 Kc5
53. b4+ Kc6 54. a3 Kc7 55. Kxb5 Kb7 56. a4 Ka7 57. Kc6 Kb8 58. b5 Kc8 59. b6
Kb8 60. b7 1-0

[Event "DVM U16 2003"]
[Site "Greifswald GER"]
[Date "2003.12.27"]
[Round "1"]
[White "Süß, Stefan"]
[Black "von der Ahé, Florian"]
[Result "1-0"]
[Termination "normal"]
[Board "3.1"]
[WhiteElo "2009"]
[BlackElo "1675"]
[WhiteTeam "FSV Großenseebach"]
[BlackTeam "Rochade Kuppenheim"]
[PlyCount "91"]
[WhiteFideId "24606090"]
[BlackFideId "12970506"]
[EventCountry "GER"]
[EventRounds "7"]
[EventType "team-swiss"]
[EventDate "2003.12.26"]

1. Nf3 c5 2. e4 Nc6 3. d4 cxd4 4. Nxd4 e5 5. Nb5 a6 6. Nd6+ Bxd6 7. Qxd6 Qf6 8.
Qxf6 Nxf6 9. Bd3 d5 10. Nc3 d4 11. Ne2 Nd7 12. c3 Nc5 13. Bb1 a5 14. O-O Be6
15. cxd4 exd4 16. Rd1 O-O-O 17. b3 Rd7 18. Ba3 b6 19. Bd3 Nxd3 20. Rxd3 f5 21.
f3 fxe4 22. fxe4 Bg4 23. Nf4 Ne5 24. Rd2 Kb7 25. h3 Bf3 26. Rf1 Bxe4 27. Re1
Bxg2 28. Kxg2 g5 29. Ne6 Ng6 30. Kg3 Re8 31. Nc5+ bxc5 32. Rxe8 h5 33. Bxc5 d3
34. Re6 Nf4 35. Re7 Rxe7 36. Bxe7 Ne2+ 37. Kh2 g4 38. hxg4 hxg4 39. Bd6 Kc6 40.
Bb8 Nc1 41. Kg3 Kb5 42. Bd6 a4 43. Ba3 Nxb3 44. axb3 axb3 45. Rxd3 Ka4 46. Bb2
1-0

[Event "DVM U16 2003"]
[Site "Greifswald GER"]
[Date "2003.12.27"]
[Round "1"]
[White "Mrinski, Evgenij"]
[Black "Borel, Markus"]
[Result "1-0"]
[Termination "normal"]
[Board "3.2"]
[WhiteElo "1724"]
[BlackElo "1926"]
[WhiteTeam "Rochade Kuppenheim"]
[BlackTeam "FSV Großenseebach"]
[PlyCount "66"]
[BlackFideId "24605522"]
[EventCountry "GER"]
[EventRounds "7"]
[EventType "team-swiss"]
[EventDate "2003.12.26"]

1. e4 c5 2. d3 d6 3. g3 g6 4. Bg2 Bg7 5. c3 Nc6 6. f4 e6 7. Nf3 Nge7 8. Be3 O-O
9. O-O Rb8 10. g4 f5 11. exf5 gxf5 12. g5 Kh8 13. Nh4 Qe8 14. Bf3 Ng6 15. Bh5
Nce7 16. Nd2 Qc6 17. Nxg6+ hxg6 18. Bxg6 Nxg6 19. Qh5+ Kg8 20. Qxg6 Qe8 21.
Qxe8 Rxe8 22. Nc4 Bf8 23. h4 b5 24. Nd2 b4 25. c4 e5 26. Rae1 Rb7 27. h5 Rbe7
28. fxe5 Rxe5 29. Bf2 Re2 30. Ne4 Rxe1 31. Nf6+ Kf7 32. Rxe1 Be7 33. Nxe8 Kxe8
1-0

[Event "DVM U16 2003"]
[Site "Greifswald GER"]
[Date "2003.12.27"]
[Round "1"]
[White "Hofmann, Benjamin"]
[Black "Stiefel, Michael"]
[Result "1-0"]
[Termination "normal"]
[Board "3.3"]
[WhiteElo "1979"]
[BlackElo "1842"]
[WhiteTeam "FSV Großenseebach"]
[BlackTeam "Rochade Kuppenheim"]
[PlyCount "79"]
[WhiteFideId "24605743"]
[BlackFideId "24608556"]
[EventCountry "GER"]
[EventRounds "7"]
[EventType "team-swiss"]
[EventDate "2003.12.26"]

1. e4 c5 2. c3 d5 3. exd5 Qxd5 4. d4 Nf6 5. Nf3 Bg4 6. Be2 e6 7. O-O Nc6 8. Be3
cxd4 9. cxd4 Be7 10. h3 Bh5 11. Nc3 Qd6 12. Qd2 O-O 13. Rfd1 Nb4 14. Bf4 Qb6
15. Ne5 Bxe2 16. Qxe2 Rfc8 17. Rac1 Nbd5 18. Bg3 Qa5 19. Qd2 Bb4 20. Qd3 Bxc3
21. bxc3 Nxc3 22. Nc4 Rxc4 23. Qxc4 Nxd1 24. Rxd1 Qd5 25. Qc2 Ne4 26. Bf4 g5
27. Be3 Nd6 28. Qe2 Rc8 29. Qg4 h6 30. h4 f5 31. Qh5 f4 32. Qg6+ Kf8 33. Qxh6+
Ke7 34. Qg7+ Nf7 35. Bc1 gxh4 36. Bxf4 Rc2 37. Be5 Qxa2 38. Bf6+ Kd6 39. Qxf7
Rxf2 40. Be7+ 1-0

[Event "DVM U16 2003"]
[Site "Greifswald GER"]
[Date "2003.12.27"]
[Round "1"]
[White "Schneider, Olaf"]
[Black "Kohlmann, Adrian"]
[Result "1/2-1/2"]
[Termination "normal"]
[Board "3.4"]
[WhiteElo "1410"]
[BlackElo "1573"]
[WhiteTeam "Rochade Kuppenheim"]
[BlackTeam "FSV Großenseebach"]
[PlyCount "97"]
[BlackFideId "24636908"]
[EventCountry "GER"]
[EventRounds "7"]
[EventType "team-swiss"]
[EventDate "2003.12.26"]

1. e4 g6 2. d4 Bg7 3. Nf3 d6 4. Bc4 h6 5. O-O Nc6 6. c3 e5 7. Qb3 Qd7 8. dxe5
Na5 9. Qb5 Nxc4 10. Qxc4 dxe5 11. Be3 Ne7 12. Na3 a6 13. Rfd1 Qc6 14. Rd2 Be6
15. Qb4 b6 16. Rad1 f6 17. c4 Qxe4 18. Re1 Qc6 19. c5 Nd5 20. Qe4 f5 21. Nxe5
fxe4 22. Nxc6 Nxe3 23. Rxe3 O-O 24. Rxe4 Bxa2 25. cxb6 cxb6 26. Rb4 Rfe8 27.
Kf1 b5 28. Rg4 g5 29. f4 Rac8 30. Nd4 b4 31. Nac2 Bxd4 32. Nxd4 Bc4+ 33. Kf2
Re4 34. Nf5 Rf8 35. Nxh6+ Kh7 36. f5 Rxg4 37. Nxg4 Rxf5+ 38. Kg3 Rf4 39. Rd7+
Kg8 40. Rd6 Kh7 41. Ne5 Bb5 42. Nd3 Rc4 43. Rd5 Kh6 44. Ne5 Rc2 45. Nf7+ Kg6
46. Nxg5 Bc6 47. Ra5 Rxg2+ 48. Kf4 Bb5 49. Ne6 1/2-1/2

[Event "DVM U16 2003"]
[Site "Greifswald GER"]
[Date "2003.12.27"]
[Round "1"]
[White "Seiler, Sascha"]
[Black "Schneider, Andreas"]
[Result "1/2-1/2"]
[Termination "normal"]
[Board "4.1"]
[WhiteElo "1877"]
[BlackElo "2108"]
[WhiteTeam "Heilbronner SV"]
[BlackTeam "Wilhelmshavener SF"]
[PlyCount "88"]
[WhiteFideId "24630594"]
[BlackFideId "24606022"]
[EventCountry "GER"]
[EventRounds "7"]
[EventType "team-swiss"]
[EventDate "2003.12.26"]

1. Nf3 d5 2. d4 c6 3. c4 e6 4. Nc3 f5 5. g3 Nf6 6. Bg2 Bd6 7. O-O O-O 8. Bf4 b6
9. cxd5 exd5 10. Rc1 Bc7 11. a3 Ne4 12. b4 a5 13. Qb3 Bxf4 14. gxf4 axb4 15.
axb4 Ba6 16. Nxe4 fxe4 17. Ng5 Qd6 18. Nxe4 Qxf4 19. Ng3 Bc4 20. Rxc4 dxc4 21.
Qxc4+ Kh8 22. b5 cxb5 23. Qxb5 Ra2 24. Qxb6 Rd2 25. d5 Qf6 26. Qxf6 gxf6 27. e4
Nd7 28. Nf5 Ne5 29. Ne3 Nd3 30. Rd1 Rxd1+ 31. Nxd1 f5 32. Kf1 fxe4 33. Bxe4 Nf4
34. f3 Kg7 35. Ne3 h5 36. Kf2 Kf6 37. Nc4 Rd8 38. d6 Ke6 39. Ke3 Nd5+ 40. Kd4
Nf6 41. Bc6 h4 42. Kc5 h3 43. Kb6 Rxd6 44. Nxd6 Kxd6 1/2-1/2

[Event "DVM U16 2003"]
[Site "Greifswald GER"]
[Date "2003.12.27"]
[Round "1"]
[White "Lubbe, Nikolas"]
[Black "Luo, Xingping"]
[Result "1-0"]
[Termination "normal"]
[Board "4.2"]
[WhiteElo "2103"]
[BlackElo "1495"]
[WhiteTeam "Wilhelmshavener SF"]
[BlackTeam "Heilbronner SV"]
[PlyCount "79"]
[WhiteFideId "4694031"]
[EventCountry "GER"]
[EventRounds "7"]
[EventType "team-swiss"]
[EventDate "2003.12.26"]

1. e4 c5 2. Nf3 d6 3. d4 cxd4 4. Nxd4 Nf6 5. Nc3 g6 6. f3 Bg7 7. Be3 O-O 8. Qd2
Nc6 9. O-O-O Nxd4 10. Bxd4 Be6 11. Kb1 Qc7 12. g4 Rfc8 13. h4 Qa5 14. a3 Rab8
15. h5 b5 16. h6 Bf8 17. Nd5 Qxd2 18. Nxf6+ exf6 19. Rxd2 Be7 20. Bxa7 Ra8 21.
Bb6 b4 22. axb4 Ra4 23. b3 Rxb4 24. Bd4 d5 25. exd5 Bxd5 26. Be2 Be6 27. Bb2
Ra8 28. Bd3 Rd8 29. Rhd1 Rf4 30. Be2 Rxd2 31. Rxd2 Kf8 32. c4 Bc5 33. Rd8+ Ke7
34. Rh8 Bd6 35. Rxh7 Be5 36. Rh8 Bxg4 37. Bxe5 fxe5 38. fxg4 Kf6 39. Rg8 Rf2
40. h7 1-0

[Event "DVM U16 2003"]
[Site "Greifswald GER"]
[Date "2003.12.27"]
[Round "1"]
[White "Witte, Stefan"]
[Black "Lubbe, Alexander"]
[Result "0-1"]
[Termination "normal"]
[Board "4.3"]
[WhiteElo "1470"]
[BlackElo "1683"]
[WhiteTeam "Heilbronner SV"]
[BlackTeam "Wilhelmshavener SF"]
[PlyCount "74"]
[EventCountry "GER"]
[EventRounds "7"]
[EventType "team-swiss"]
[EventDate "2003.12.26"]

1. e4 d5 2. exd5 Qxd5 3. Nc3 Qa5 4. d4 Nf6 5. Bd2 Bg4 6. Be2 Bxe2 7. Qxe2 Nc6
8. Nf3 O-O-O 9. Ne4 Qf5 10. Neg5 Nxd4 11. Nxd4 Rxd4 12. Be3 Rg4 13. Nxf7 Rg8
14. O-O-O Nd7 15. Rd2 Rg6 16. Rhd1 Qxf7 17. Rxd7 Qe8 18. Bf4 e5 19. Bxe5 Bd6
20. R7xd6 Rxd6 21. Qc4 Rxd1+ 22. Kxd1 Qd7+ 23. Kc1 Rd8 24. Qe2 g6 25. f4 h5 26.
b3 Qd5 27. h3 c6 28. g4 Qh1+ 29. Kb2 Qxh3 30. Bf6 Qxg4 31. Qe5 Qf5 32. Qxf5+
gxf5 33. Kc3 Rd1 34. Bg5 Kd7 35. a4 Ke6 36. Kc4 Rg1 37. Bh4 Rg4 0-1

[Event "DVM U16 2003"]
[Site "Greifswald GER"]
[Date "2003.12.27"]
[Round "1"]
[White "Papaioannou, Dimitri"]
[Black "Krizek, Michael"]
[Result "1-0"]
[Termination "normal"]
[Board "5.1"]
[WhiteElo "1922"]
[BlackElo "1588"]
[WhiteTeam "SF Köln-Mülheim"]
[BlackTeam "TSG Apolda"]
[PlyCount "41"]
[WhiteFideId "24673170"]
[EventCountry "GER"]
[EventRounds "7"]
[EventType "team-swiss"]
[EventDate "2003.12.26"]

1. e4 c5 2. Nf3 d6 3. d4 cxd4 4. Nxd4 Nf6 5. Nc3 a6 6. Be3 e5 7. Nb3 Be6 8. Qd2
Nbd7 9. f3 Qc7 10. g4 b5 11. g5 Nh5 12. Nd5 Bxd5 13. exd5 Rc8 14. Rc1 Be7 15.
c4 bxc4 16. Bxc4 Nc5 17. Bxa6 Rb8 18. Nxc5 dxc5 19. b4 c4 20. a3 O-O 21. Bxc4
1-0

[Event "DVM U16 2003"]
[Site "Greifswald GER"]
[Date "2003.12.27"]
[Round "1"]
[White "Gebhardt, Martin"]
[Black "Krug, Kevin"]
[Result "0-1"]
[Termination "normal"]
[Board "5.2"]
[WhiteElo "1635"]
[BlackElo "1946"]
[WhiteTeam "TSG Apolda"]
[BlackTeam "SF Köln-Mülheim"]
[PlyCount "52"]
[WhiteFideId "24626317"]
[BlackFideId "24609110"]
[EventCountry "GER"]
[EventRounds "7"]
[EventType "team-swiss"]
[EventDate "2003.12.26"]

1. e4 Nc6 2. d4 d5 3. e5 f6 4. Bd3 Nxd4 5. Qh5+ g6 6. Bxg6+ hxg6 7. Qxh8 Kf7 8.
Qh7+ Bg7 9. Na3 fxe5 10. c3 Nf6 11. Qh4 Nf5 12. Qa4 Qd6 13. Nf3 e4 14. Nb5 Qb6
15. Ne5+ Kg8 16. Nd4 c5 17. Ne2 Nh4 18. O-O Qe6 19. Bg5 Nxg2 20. Kxg2 Qxe5 21.
h4 Bg4 22. Nf4 Bf3+ 23. Kg1 Qf5 24. Kh2 Nh5 25. Ng2 Be5+ 26. Kg1 Qg4 0-1

[Event "DVM U16 2003"]
[Site "Greifswald GER"]
[Date "2003.12.27"]
[Round "1"]
[White "Krutwig, Longlong"]
[Black "Nißler, Daniel"]
[Result "1-0"]
[Termination "normal"]
[Board "5.3"]
[WhiteElo "1928"]
[BlackElo "1424"]
[WhiteTeam "SF Köln-Mülheim"]
[BlackTeam "TSG Apolda"]
[PlyCount "71"]
[WhiteFideId "24629979"]
[EventCountry "GER"]
[EventRounds "7"]
[EventType "team-swiss"]
[EventDate "2003.12.26"]

1. e4 e6 2. d4 d5 3. Nc3 Bb4 4. Nge2 Ne7 5. e5 Nd7 6. Bg5 c5 7. f4 a6 8. a3 Ba5
9. Qd2 cxd4 10. Nxd4 Nc5 11. b4 Bb6 12. bxc5 Bxc5 13. Be2 Bd7 14. Rb1 Qc7 15.
a4 Bxd4 16. Qxd4 Nf5 17. Qb4 Rc8 18. g4 Qxc3+ 19. Qxc3 Rxc3 20. gxf5 Rc7 21.
fxe6 fxe6 22. Kd2 h6 23. Bh4 O-O 24. Be7 Rxf4 25. Bd6 Rc8 26. Rxb7 Bxa4 27. Bd3
Bxc2 28. Rg1 g5 29. Rc1 Rf2+ 30. Be2 Rxh2 31. Rb2 Rf2 32. Rbxc2 Rxc2+ 33. Rxc2
g4 34. Ke1 Rf4 35. Bxa6 Kg7 36. Bc8 1-0

[Event "DVM U16 2003"]
[Site "Greifswald GER"]
[Date "2003.12.27"]
[Round "1"]
[White "Nikol, Christoph"]
[Black "Kanevski, Vladyslav"]
[Result "1/2-1/2"]
[Termination "normal"]
[Board "5.4"]
[WhiteElo "1468"]
[BlackElo "1672"]
[WhiteTeam "TSG Apolda"]
[BlackTeam "SF Köln-Mülheim"]
[PlyCount "48"]
[BlackFideId "1270581"]
[EventCountry "GER"]
[EventRounds "7"]
[EventType "team-swiss"]
[EventDate "2003.12.26"]

1. e4 c5 2. Nf3 e6 3. d4 cxd4 4. Nxd4 Nf6 5. Nc3 Nc6 6. Ndb5 Bb4 7. a3 Bxc3+ 8.
Nxc3 O-O 9. Be2 d5 10. exd5 exd5 11. Bg5 d4 12. Ne4 Qa5+ 13. b4 Qe5 14. Nxf6+
gxf6 15. Bd2 Re8 16. f4 Qe4 17. Kf2 Bd7 18. Bd3 Qd5 19. Qf3 Qxf3+ 20. Kxf3 f5
21. Rhe1 Be6 22. Kf2 Rac8 23. Re2 Red8 24. Rae1 a6 1/2-1/2

[Event "DVM U16 2003"]
[Site "Greifswald GER"]
[Date "2003.12.27"]
[Round "1"]
[White "Busch, Dean"]
[Black "Strohhäker, Raoul"]
[Result "1/2-1/2"]
[Termination "normal"]
[Board "6.1"]
[WhiteElo "1800"]
[BlackElo "2106"]
[WhiteTeam "SV 1932 Wermelskirchen"]
[BlackTeam "SF Conweiler"]
[PlyCount "85"]
[BlackFideId "4687400"]
[EventCountry "GER"]
[EventRounds "7"]
[EventType "team-swiss"]
[EventDate "2003.12.26"]

1. e4 c5 2. Nf3 e6 3. d4 cxd4 4. Nxd4 Nc6 5. Be3 Qc7 6. Be2 a6 7. O-O Nf6 8.
Nd2 Be7 9. c4 O-O 10. a3 d5 11. exd5 exd5 12. Rc1 Bd7 13. Bf3 Qe5 14. N2b3 Rad8
15. Qe2 dxc4 16. Rxc4 Nxd4 17. Nxd4 Nd5 18. Re1 Nxe3 19. Qxe3 Qxe3 20. Rxe3 Bf6
21. a4 Bxa4 22. Rxa4 Rxd4 23. Rxd4 Bxd4 24. Rd3 Rd8 25. Kf1 b6 26. Bb7 a5 27.
Bc6 Kf8 28. Bb5 Ke7 29. b3 f6 30. Bc4 Rd6 31. h3 Kd7 32. Bb5+ Ke6 33. Bc4+ Ke5
34. Rd2 Rd7 35. g3 g5 36. f3 Rc7 37. Ke2 Rc5 38. Kd3 Bg1 39. Rg2 b5 40. Bg8 Rc1
41. Bxh7 b4 42. Rc2 Rxc2 43. Kxc2 1/2-1/2

[Event "DVM U16 2003"]
[Site "Greifswald GER"]
[Date "2003.12.27"]
[Round "1"]
[White "Strohhäker, Ralph"]
[Black "Nurovic, Semir"]
[Result "1-0"]
[Termination "normal"]
[Board "6.2"]
[WhiteElo "2131"]
[BlackElo "1500"]
[WhiteTeam "SF Conweiler"]
[BlackTeam "SV 1932 Wermelskirchen"]
[PlyCount "61"]
[WhiteFideId "4693426"]
[EventCountry "GER"]
[EventRounds "7"]
[EventType "team-swiss"]
[EventDate "2003.12.26"]

1. c4 e5 2. Nc3 Nc6 3. g3 Nf6 4. Bg2 Bc5 5. Nf3 O-O 6. O-O a6 7. e3 d6 8. d4
exd4 9. exd4 Ba7 10. b3 Bg4 11. Ne2 h6 12. Bb2 Re8 13. h3 Bf5 14. Kh2 Qd7 15.
d5 Ne5 16. Nxe5 dxe5 17. f4 Bd4 18. Nxd4 exd4 19. Bxd4 Nh7 20. g4 Be4 21. Bxe4
Rxe4 22. Be5 f5 23. Qd3 Nf6 24. Rg1 Nh7 25. gxf5 Qxf5 26. Rxg7+ Kf8 27. Rxh7
Ra7 28. Rh8+ Kf7 29. d6 cxd6 30. Qd5+ Kg6 31. Rg1+ 1-0

[Event "DVM U16 2003"]
[Site "Greifswald GER"]
[Date "2003.12.27"]
[Round "1"]
[White "Wirths, Clara"]
[Black "Augner, Björn"]
[Result "1-0"]
[Termination "normal"]
[Board "6.3"]
[WhiteElo "1508"]
[BlackElo "1759"]
[WhiteTeam "SV 1932 Wermelskirchen"]
[BlackTeam "SF Conweiler"]
[PlyCount "67"]
[WhiteFideId "24632597"]
[EventCountry "GER"]
[EventRounds "7"]
[EventType "team-swiss"]
[EventDate "2003.12.26"]

1. e4 c5 2. Nf3 Nc6 3. d4 cxd4 4. Nxd4 Nf6 5. Nc3 g6 6. Bc4 Bg7 7. f3 O-O 8.
Bb3 d6 9. Be3 Bd7 10. Qd2 a6 11. O-O-O Rc8 12. Nxc6 Bxc6 13. Bh6 Qa5 14. g4
Rfd8 15. Bxg7 Kxg7 16. h4 h6 17. g5 hxg5 18. hxg5 Nh5 19. f4 Rh8 20. Qd4+ f6
21. f5 Qc5 22. gxf6+ Nxf6 23. Rhg1 Rh6 24. Qd3 b5 25. fxg6 Be8 26. Be6 Rc7 27.
Nd5 Nxd5 28. exd5 Rxg6 29. Rgf1 Rg2 30. c3 b4 31. Qf3 bxc3 32. Qxg2+ Bg6 33.
Rf2 Kh8 34. Rh1+ 1-0

[Event "DVM U16 2003"]
[Site "Greifswald GER"]
[Date "2003.12.27"]
[Round "1"]
[White "Dietenbach, Ingo"]
[Black "Koch, Florian"]
[Result "1-0"]
[Termination "normal"]
[Board "6.4"]
[WhiteElo "1361"]
[BlackElo "1233"]
[WhiteTeam "SF Conweiler"]
[BlackTeam "SV 1932 Wermelskirchen"]
[PlyCount "75"]
[EventCountry "GER"]
[EventRounds "7"]
[EventType "team-swiss"]
[EventDate "2003.12.26"]

1. e4 c5 2. Nf3 Nc6 3. d4 cxd4 4. Nxd4 d6 5. Bb5 Bd7 6. Nc3 Nf6 7. Be3 a6 8.
Ba4 g6 9. Qf3 Rc8 10. h3 Bg7 11. O-O O-O 12. Rfd1 Nxd4 13. Rxd4 Bxa4 14. Rxa4
Nd7 15. Bd4 Ne5 16. Qe2 Ra8 17. f4 Nc6 18. Bxg7 Kxg7 19. Rb1 b5 20. Ra3 Qb6+
21. Kh1 e6 22. Nd1 Rac8 23. Qf2 Qxf2 24. Nxf2 Nd4 25. c3 Ne2 26. Rd1 Rc6 27. e5
dxe5 28. fxe5 f6 29. Rd6 Rxd6 30. exd6 Ng3+ 31. Kh2 Nf5 32. Ne4 Kf7 33. d7 Ke7
34. Nc5 a5 35. c4 bxc4 36. Ra4 Nd6 37. b3 cxb3 38. axb3 1-0